Board gender diversity and critical mass theory : empirical support and the paradox of ineffectiveness /

This book offers a groundbreaking exploration of critical mass theory in the context of board gender diversity and gender quotas. Authored by leading experts in the field, it provides an up-to-date analysis of how gender diversity impacts corporate governance and the effectiveness of quotas in achie...

Full description

Bibliographic Details
Main Authors: Lefley, Frank (Author), Janeček, Václav (Author)
Format: eBook
Language:English
Published: Cham : Palgrave Macmillan, [2026]
Subjects:

MARC

Tag First Indicator Second Indicator Subfields
LEADER 00000nam a2200000 i 4500
001 in00005777721
005 20260406152401.3
006 m o d
007 cr cnu|||unuuu
008 260220s2026 sz a ob 001 0 eng d
040 |a GW5XE  |b eng  |e rda  |e pn  |c GW5XE 
020 |a 9783032136084 (electronic bk.) 
020 |a 3032136083  |q (electronic bk.) 
020 |z 9783032136077 
024 7 |a 10.1007/978-3-032-13608-4  |2 doi 
035 |a (OCoLC)1574010022 
050 4 |a HD2745  |b .L44 2026 
072 7 |a KJMV2  |2 bicssc 
072 7 |a BUS030000  |2 bisacsh 
072 7 |a KJMV2  |2 thema 
082 0 4 |a 658.4/22082  |2 23/eng/20260220 
100 1 |a Lefley, Frank,  |e author. 
245 1 0 |a Board gender diversity and critical mass theory :  |b empirical support and the paradox of ineffectiveness /  |c Frank Lefley, Václav Janeček. 
264 1 |a Cham :  |b Palgrave Macmillan,  |c [2026] 
264 4 |c ©2026 
300 |a 1 online resource (xv, 258 pages) :  |b illustrations 
336 |a text  |b txt  |2 rdacontent 
337 |a computer  |b c  |2 rdamedia 
338 |a online resource  |b cr  |2 rdacarrier 
341 0 |b PDF/UA-1  |2 onix 
341 0 |b Table of contents navigation  |2 onix 
341 0 |b Single logical reading order  |2 onix 
341 0 |b Short alternative textual descriptions  |2 onix 
341 0 |b Use of color is not sole means of conveying information  |2 onix 
341 0 |b Use of high contrast between text and background color  |2 onix 
341 0 |b Next / Previous structural navigation  |2 onix 
341 0 |b All non-decorative content supports reading without sight  |2 onix 
504 |a Includes bibliographical references and index. 
520 |a This book offers a groundbreaking exploration of critical mass theory in the context of board gender diversity and gender quotas. Authored by leading experts in the field, it provides an up-to-date analysis of how gender diversity impacts corporate governance and the effectiveness of quotas in achieving equitable representation. Through this comprehensive study, readers will gain insights into the dynamics of boardroom diversity and the challenges of implementing gender quotas. Key concepts such as token theory, women directors, and corporate governance are thoroughly examined, with particular attention given to the empirical evidence supporting critical mass theory. The authors present a nuanced analysis of why a critical mass of female directors may not always lead to the anticipated outcomes, challenging conventional wisdom and offering fresh perspectives. This book is essential for anyone seeking to understand the complexities of gender diversity in corporate settings. Ideal for researchers, scholars, and practitioners in corporate governance, this book is a valuable resource for those interested in the intersection of gender studies and business management. It is a must-read for academics and policymakers aiming to foster more inclusive and effective boardrooms. With its unique focus and authoritative insights, this volume stands out as a vital contribution to the field. Frank Lefley is an Honorary Research Professor at the University of Hradec Králové, Czech Republic. His research has been published in many leading journals and several academic books. Václav Janeček is Associate Professor at University of Hradec Králové, Czech Republic. His research interests include financial analysis, investment appraisal of AMT projects, and gender diversity. He has published in many leading journals. 
505 0 |a Part One -- Chapter One: Introduction -- Part Two -- Chapter Two: Research Design, Methodology & Questions -- Part Three: Empirical Evidence -- Chapter Three: Corporate Finance -- Chapter Four: Corporate Governance -- Chapter Five: Corporate Innovation -- Chapter Six: Corporate Risk -- Part Four -- Chapter Seven: Analysis Of Empirical Evidence -- Chapter Eight: Theoretical Underpinning Of Bgd Studies -- Chapter Nine: Ineffective Critical Mass -- Part Five -- Chapter Ten: Conclusion. 
532 8 |a Accessibility summary: This PDF has been created in accordance with the PDF/UA-1 standard to enhance accessibility, including screen reader support, described non-text content (images, graphs), bookmarks for easy navigation, keyboard-friendly links and forms and searchable, selectable text. We recognize the importance of accessibility, and we welcome queries about accessibility for any of our products. If you have a question or an access need, please get in touch with us at accessibilitysupport@springernature.com. Please note that a more accessible version of this eBook is available as ePub. 
532 8 |a No reading system accessibility options actively disabled 
532 8 |a Publisher contact for further accessibility information: accessibilitysupport@springernature.com 
588 0 |a Online resource; title from PDF title page (SpringerLink, viewed February 20, 2026). 
650 0 |a Boards of directors. 
650 0 |a Corporate governance. 
650 0 |a Diversity in the workplace. 
650 0 |a Women executives. 
700 1 |a Janeček, Václav,  |e author. 
852 8 |b POD  |z This title is available for the library to purchase for your use. Click the "Purchase It For Me" button to place a request. This item will take 5-10 business days to arrive. 
955 |a Ebook POD title 
961 |m 565731 
999 f f |i bcf76ef7-c898-4d7e-8f9f-0f1c0245cad9  |s d1695cee-536a-4b6e-8081-5f2453747be3  |t 0 
952 f f |a Texas A&M University  |b College Station  |c Sterling C. Evans Library  |s Evans POD  |d Purchase on Demand  |t 0  |e HD2745 .L44 2026  |h Library of Congress classification 
998 f f |a HD2745 .L44 2026  |t 0  |l Purchase on Demand